000 00270nam a22001217a 4500
008 170313b xxu||||| |||| 00| 0 eng d
041 _aeng
080 _26TH
_a591
100 _a7
101 _aSHM
245 _aTHE MERCK VETERINARY MANUAL
_cFRASER, C.M
942 _2udc
_cBK
999 _c7704
_d7704